[Event "Mechanics' Fall TNM; 30/90, SD/30"]
[Site "San Francisco"]
[Date "2013.12.03"]
[Round "7.22"]
[White "Niemann, Hans"]
[Black "Cole, Tony"]
[Result "1-0"]
[WhiteElo "1800"]
[BlackElo "1402"]
[PlyCount "35"]
[EventDate "2013.??.??"]

1. e4 Nc6 2. d4 d5 3. e5 Bf5 4. Bf4 e6 5. Be2 Nb4 6. Na3 Ne7 7. c3 Nbc6 8. h4
h6 9. h5 Qd7 10. Rc1 g6 11. Nf3 Bg7 12. Nd2 f6 13. exf6 Bxf6 14. Nb3 e5 15. Nc2
Bxc2 16. Rxc2 Qf5 17. O-O Rg8 18. g4 {
(and here 18...Qh7?? - another UNREADABLE score by Niemann)} 1-0

[Event "Mechanics' Winter TNM; 30/90, SD/30"]
[Site "San Francisco"]
[Date "2013.02.19"]
[Round "7.35"]
[White "Niemann, Hans"]
[Black "Cowgill, Jackie"]
[Result "1-0"]
[WhiteElo "1172"]
[BlackElo "906"]
[PlyCount "74"]
[EventDate "2013.??.??"]

1. b4 e5 2. Bb2 Nc6 3. b5 Na5 4. Bxe5 d6 5. Bc3 b6 6. e3 Nf6 7. Bxa5 bxa5 8. d4
a6 9. a4 d5 10. Nf3 Be7 11. Be2 O-O 12. O-O Qe8 13. c4 axb5 14. cxb5 c6 15. Nc3
cxb5 16. Nxb5 Qd8 17. Ne5 Bb4 18. Rc1 Ba6 19. Nc6 Qb6 20. Nxb4 axb4 21. Qb3 Qa5
22. Rc5 Rfc8 23. Nc7 Bxe2 24. Rxa5 Rxa5 25. Qxb4 Ra6 26. Nxa6 Bxf1 27. Kxf1 h6
28. Qb7 Rf8 29. Nc5 g6 30. a5 Ne8 31. Nd7 Nd6 32. Qc6 Rc8 33. Qxd6 Rc1+ 34. Ke2
Rc2+ 35. Kf3 h5 36. a6 Ra2 37. Qf8+ Kh7 1-0

[Event "Mechanics' Fall TNM; 30/90, SD/30"]
[Site "San Francisco"]
[Date "2013.11.19"]
[Round "5.25"]
[White "Niemann, Hans"]
[Black "Frank, Robert"]
[Result "1-0"]
[WhiteElo "1800"]
[BlackElo "1389"]
[PlyCount "69"]
[EventDate "2013.??.??"]

1. e4 e5 2. Nf3 Nf6 3. d4 exd4 4. e5 Qe7 5. Be2 Nd5 6. Qxd4 Qb4+ 7. Qxb4 Nxb4
8. Na3 d5 9. c3 N4c6 10. Nb5 Na6 11. Bf4 Bc5 12. b4 Be7 13. O-O-O Be6 14. Rhg1
O-O 15. g4 f6 16. Nbd4 Nxd4 17. Nxd4 Bc8 18. e6 g6 19. Bf3 c6 20. b5 Nb8 21.
bxc6 bxc6 22. Rge1 Rd8 23. Bc7 Re8 24. Bg3 Ba6 25. Bxb8 Ba3+ 26. Kc2 Raxb8 27.
Rb1 c5 28. Nc6 Rxb1 29. Rxb1 Bc4 30. e7 Kf7 31. Re1 Bxa2 32. Ra1 Bc4 33. Rxa3
Rxe7 34. Nxe7 Kxe7 35. Rxa7+ 1-0

[Event "Mechanics' Summer TNM; 30/90, SD/30"]
[Site "San Francisco"]
[Date "2013.07.09"]
[Round "7.10"]
[White "Niemann, Hans"]
[Black "Gaffagan, Steven"]
[Result "0-1"]
[WhiteElo "1533"]
[BlackElo "2097"]
[Annotator "Donaldson"]
[PlyCount "98"]
[EventDate "2013.??.??"]

1. e4 c5 2. Nf3 e6 3. d4 cxd4 4. Nxd4 Nf6 5. Nc3 d6 6. Bg5 Be7 7. Qd2 h6 8.
Bxf6 gxf6 9. O-O-O a6 10. Bc4 Nc6 11. Rhe1 Bd7 12. f4 Nxd4 13. Qxd4 Rc8 14. f5
Qc7 15. Bb3 Qc5 16. Qd2 Qe5 17. Ne2 Rc7 18. Nf4 Rg8 19. g3 Rg5 20. Re3 b6 21.
h4 Rg4 22. Qe2 Rxf4 23. gxf4 Qxf4 24. Rf1 Qxh4 25. Qf2 (25. Qxa6 $16) 25...
Qxf2 26. Rxf2 $11 Rc5 27. Rh2 Kd8 $2 (27... Bf8) 28. Rxh6 b5 29. Rh7 Re5 30.
Rg3 exf5 31. exf5 d5 32. Rxf7 Bxf5 33. Rg8+ Kc7 34. Rgg7 Kd6 35. Bxd5 Bd8 36.
Bf3 Rc5 37. Bd1 a5 38. Rf8 Be7 39. Ra8 $18 Re5 40. Rxa5 Bf8 41. Rf7 $2 (41.
Ra6+ Kc5 42. Rc7+ Kd5 43. Rxf6 $18) 41... Bh6+ 42. Kb1 Re1 43. a3 $4 (43. Ra6+
Kd5 44. a4 $11) 43... Rxd1+ 44. Ka2 Be6+ 45. b3 Bxf7 46. Rxb5 Bf4 47. Rb6+ Kc5
48. Rxf6 Be5 49. Rxf7 Ra1# 0-1

[Event "Mechanics' Neil Falconer TNM; 30/90, SD"]
[Site "San Francisco"]
[Date "2013.09.03"]
[Round "5.6"]
[White "Niemann, Hans"]
[Black "Grey, Peter"]
[Result "1-0"]
[WhiteElo "1835"]
[BlackElo "2000"]
[PlyCount "69"]
[EventDate "2013.??.??"]

1. e4 e5 2. Nf3 Nc6 3. Bc4 Nf6 4. Ng5 d5 5. exd5 b5 6. Bf1 Nd4 7. c3 Nxd5 8.
cxd4 Qxg5 9. Bxb5+ Kd8 10. Qf3 Bb7 11. h4 {T.N. !?} (11. O-O) 11... Qf4 12.
dxe5 Qxe5+ 13. Kf1 Qf4 (13... Bc5) (13... Rb8) 14. Qxf4 Nxf4 15. Rh2 Bd6 16. g3
Ne6 17. d3 Nd4 18. Ba4 Ba6 19. f4 Bxd3+ 20. Kg2 c6 (20... Rb8) (20... c5) 21.
Be3 Nc2 22. Bxc2 Bxc2 23. Nc3 Re8 24. Kf3 Bf5 25. Rd2 Kc7 26. Rc1 Bf8 27. g4
Be6 $2 (27... Bc8 $14) 28. f5 Bc4 29. b3 Ba6 30. Bf4+ Kc8 31. Nd5 Rd8 32. Rxc6+
Kb7 33. Rc7+ Kb8 34. Rd7+ Kc8 35. Nb6+ 1-0

[Event "Mechanics' Summer TNM; 30/90, SD/30"]
[Site "San Francisco"]
[Date "2013.06.11"]
[Round "3.14"]
[White "Niemann, Hans"]
[Black "Hakobyan, Sos"]
[Result "1-0"]
[WhiteElo "1533"]
[BlackElo "1765"]
[PlyCount "20"]
[EventDate "2013.??.??"]

1. e4 e6 2. d4 d5 3. e5 c5 4. c3 Nc6 5. Nf3 Qb6 6. g3 Bd7 7. Bg2 Rc8 8. O-O
cxd4 9. cxd4 Nh6 10. b4 Nf5 {remainder illegible} 1-0

[Event "Mechanics' Neil Falconer TNM; 30/90, SD"]
[Site "San Francisco"]
[Date "2013.09.17"]
[Round "7.8"]
[White "Niemann, Hans"]
[Black "Klinetobe, David"]
[Result "0-1"]
[WhiteElo "1835"]
[BlackElo "2035"]
[PlyCount "90"]
[EventDate "2013.??.??"]

1. e4 e6 2. d4 d5 3. e5 c5 4. c3 Nc6 5. a3 Nh6 6. Nf3 f6 7. Bxh6 gxh6 8. Bd3 f5
9. dxc5 Bxc5 10. b4 Be7 11. Nbd2 Qc7 12. Qe2 O-O 13. Rc1 Bg5 14. Nxg5 hxg5 15.
f4 gxf4 16. Nf3 Qg7 17. Rg1 Kh8 18. g3 Qg4 19. h3 Qxh3 20. gxf4 Rg8 21. Ng5
Qh4+ 22. Kd1 Rxg5 23. fxg5 Bd7 24. Kc2 Be8 25. Rh1 Qf4 26. Qh2 Qxh2+ 27. Rxh2
Nxe5 28. Rch1 Bg6 29. Re2 Nxd3 30. Kxd3 f4+ 31. Kd4 Be4 32. Rh6 f3 33. Rf2 Rg8
34. Rxe6 Rxg5 35. Rxe4 dxe4 36. Kxe4 Rg3 37. c4 Kg7 38. Kf4 Rg6 39. c5 Ra6 40.
Rxf3 Rf6+ 41. Ke4 Rxf3 42. Kxf3 Kf6 43. Kf4 Ke6 44. a4 Kd5 45. a5 a6 0-1

[Event "Mechanics' Spring TNM; 30/90, SD/30"]
[Site "San Francisco"]
[Date "2013.04.30"]
[Round "7.30"]
[White "Niemann, Hans"]
[Black "Luke, Gary"]
[Result "0-1"]
[WhiteElo "1227"]
[BlackElo "1809"]
[PlyCount "52"]
[EventDate "2013.??.??"]

1. e4 c5 2. Nf3 Nc6 3. c3 e6 4. d4 d5 5. e5 Be7 6. Be3 f6 7. exf6 Nxf6 8. dxc5
a5 9. a3 O-O 10. b4 axb4 11. cxb4 Nxb4 12. Qb3 Na6 13. Bxa6 Rxa6 14. Nbd2 Qa5
15. Qc2 Ne4 16. Rc1 Bf6 17. O-O Nxd2 18. Bxd2 Qxa3 19. Ng5 g6 20. Rfe1 Qa4 21.
Qxa4 Rxa4 22. Nxe6 Bxe6 23. Rxe6 Bb2 24. Rb1 Bd4 25. Bh6 Rxf2 26. Re8+ Rf8+ 0-1

[Event "Mechanics' Neil Falconer TNM; 30/90, SD"]
[Site "San Francisco"]
[Date "2013.10.01"]
[Round "9.7"]
[White "Niemann, Hans"]
[Black "Maser, Thomas"]
[Result "1-0"]
[WhiteElo "1835"]
[BlackElo "1904"]
[PlyCount "49"]
[EventDate "2013.??.??"]

1. e4 e5 2. d4 exd4 3. Qxd4 Nc6 4. Qe3 d6 5. Nc3 Nf6 6. Bd2 Be7 7. O-O-O Bg4 8.
f3 Be6 9. Nge2 Ne5 10. Nf4 Nc4 11. Bxc4 Bxc4 12. g4 c6 13. g5 Nd7 14. h4 Qa5
15. Nh5 g6 16. Qd4 Ne5 17. f4 c5 18. Qf2 Ng4 19. Ng7+ Kf8 20. Qg3 h5 21. f5 Qd8
22. b3 Kxg7 23. bxc4 f6 24. Nd5 Rf8 25. Bc3 1-0

[Event "Mechanics' Winter TNM; 30/90, SD/30"]
[Site "San Francisco"]
[Date "2013.01.15"]
[Round "2.32"]
[White "Niemann, Hans"]
[Black "Murugappan, Ganesh"]
[Result "0-1"]
[WhiteElo "1172"]
[BlackElo "1660"]
[PlyCount "134"]
[EventDate "2013.??.??"]

1. b4 e5 2. Bb2 d6 3. Nf3 Nf6 4. a3 a6 5. g3 Nc6 6. Bg2 Bd7 7. O-O Be7 8. d3
O-O 9. Nbd2 Re8 10. d4 exd4 11. Nxd4 Nxd4 12. Bxd4 Qc8 13. Rc1 Bh3 14. c4 Bxg2
15. Kxg2 Bd8 16. e3 Qf5 17. f3 c5 18. e4 Qc8 19. Bb2 Nd7 20. Qa4 Bg5 21. Qc2
Nb6 22. f4 Be7 23. Kg1 Qg4 24. e5 dxe5 25. fxe5 cxb4 26. Rf4 Bc5+ 27. Kh1 Qd7
28. axb4 Bxb4 29. Nb3 Be7 30. Qc3 Bg5 31. e6 fxe6 32. Rg4 Bh6 33. Nc5 Qc6+ 34.
Ne4 e5 35. Rf1 Na4 36. Qc2 Nxb2 37. Qxb2 Rf8 38. Rxf8+ Rxf8 39. Qxe5 b5 40.
cxb5 axb5 41. Kg1 Qb6+ 42. Kg2 Qc6 43. Kh3 Qd7 44. Nf6+ Rxf6 45. Qxf6 Qxg4+ 46.
Kxg4 gxf6 47. Kf5 b4 48. Ke4 b3 49. Kd3 b2 50. Kc2 Bc1 51. g4 Kf7 52. h4 h6 53.
Kb1 Ke6 54. Kc2 Ke5 55. Kb1 Kf4 56. g5 fxg5 57. hxg5 hxg5 58. Kc2 g4 59. Kb1 g3
60. Kc2 g2 61. Kb1 g1=Q 62. Kc2 b1=Q+ 63. Kxb1 Ba3+ 64. Kc2 Qd4 65. Kb3 Qb4+
66. Kc2 Ke3 67. Kd1 Qd2# 0-1

[Event "Mechanics' Winter TNM; 30/90, SD/30"]
[Site "San Francisco"]
[Date "2013.01.29"]
[Round "4.34"]
[White "Niemann, Hans"]
[Black "Uzzaman, Ashik"]
[Result "0-1"]
[WhiteElo "1172"]
[BlackElo "1972"]
[PlyCount "54"]
[EventDate "2013.??.??"]

1. b4 e6 2. Bb2 Nf6 3. a3 c5 4. bxc5 Bxc5 5. e3 O-O 6. Nf3 Nc6 7. Nc3 d5 8. d4
Bd6 9. Bb5 Bd7 10. O-O Qb6 11. Rb1 Rfc8 12. a4 a6 13. Be2 Nb4 14. Qd2 Qc7 15.
Rfc1 h6 16. Bd3 Rab8 17. e4 dxe4 18. Nxe4 Nxe4 19. Bxe4 Bxa4 20. c4 Na2 21. Rd1
Bxd1 22. c5 Bxf3 23. cxd6 Qxd6 24. Bxf3 Nb4 25. Ba3 a5 26. Bxb4 axb4 27. Rxb4
Qxb4 0-1

[Event "Mechanics' Neil Falconer TNM; 30/90, SD"]
[Site "San Francisco"]
[Date "2013.09.03"]
[Round "5.25"]
[White "Nyangar, Enkhmaa"]
[Black "Bayaraa, Chinguun"]
[Result "1-0"]
[WhiteElo "1570"]
[BlackElo "1729"]
[PlyCount "105"]
[EventDate "2013.??.??"]

1. e4 c5 2. Nf3 d6 3. Nc3 Nc6 4. Bb5 Bd7 5. d4 cxd4 6. Nxd4 Nf6 7. O-O g6 8.
Re1 Bg7 9. Be3 O-O 10. Nxc6 Bxc6 11. Bd3 Nd7 12. Qd2 Ne5 13. Rad1 Nxd3 14. cxd3
a6 15. d4 b5 16. d5 Bb7 17. b4 Rc8 18. Bd4 Bxd4 19. Qxd4 Rc4 20. Qe3 Qc7 21.
Rd3 Kg7 22. a3 Rc8 23. Ne2 a5 24. bxa5 Qxa5 25. Nf4 Rc3 26. h4 Rxd3 27. Nxd3
Qxa3 28. Qd4+ Kg8 29. Re3 Qc3 30. Qa7 Qc7 31. h5 Ra8 32. Qd4 Ra4 33. Qb2 Qc4
34. h6 f6 35. Qe2 Ra1+ 36. Kh2 Bc8 37. Rg3 Ra2 38. Qe3 Ra3 39. Qb6 Ra8 40. Qd8+
Kf7 41. Qh8 Qxe4 42. Qxh7+ Kf8 43. Qg7+ Ke8 44. h7 Qh4+ 45. Rh3 Bxh3 46. h8=Q+
Qxh8 47. Qxh8+ Kd7 48. Qxa8 Bf5 49. Qc6+ Kd8 50. Qxb5 Bd7 51. Qb8+ Bc8 52. Nf4
Ke8 53. Qxc8+ 1-0

[Event "Mechanics' Fall TNM; 30/90, SD/30"]
[Site "San Francisco"]
[Date "2013.12.03"]
[Round "7.19"]
[White "Nyangar, Enkhmaa"]
[Black "Hakobyan, Sos"]
[Result "1-0"]
[WhiteElo "1570"]
[BlackElo "1812"]
[PlyCount "127"]
[EventDate "2013.??.??"]

1. e4 e6 2. d4 d5 3. Nc3 Nf6 4. e5 Nfd7 5. Nf3 c5 6. Nb5 a6 7. Nd6+ Bxd6 8.
exd6 cxd4 9. Nxd4 Nc6 10. c3 Nf6 11. Bf4 O-O 12. Nxc6 bxc6 13. Bd3 e5 14. Bxe5
Re8 15. f4 Ng4 16. O-O Nxe5 17. fxe5 Rxe5 18. Qc2 g6 19. c4 Qxd6 20. cxd5 cxd5
21. b3 Be6 22. Qf2 Bf5 23. Qg3 Qc5+ 24. Kh1 Re3 25. Rf3 Rxf3 26. Qxf3 Qc3 27.
Rd1 Be6 28. h4 h5 29. Qe2 Bg4 30. Qe1 Qxe1+ 31. Rxe1 Kf8 32. Re5 Be6 33. Bxg6
Ke7 34. Bxh5 Kd6 35. Rg5 d4 36. Be2 Rc8 37. Bxa6 Ra8 38. Bc4 Bxc4 39. bxc4 Rxa2
40. Rd5+ Ke6 41. Rxd4 Rc2 42. h5 f5 43. h6 Kf7 44. Rd7+ Kg8 45. Rc7 f4 46. c5
Kh8 47. c6 Rc5 48. Kg1 Rc2 49. Kf1 Kg8 50. Rg7+ Kh8 51. c7 f3 52. gxf3 Rf2+ 53.
Ke1 Re2+ 54. Kf1 Rf2+ 55. Kg1 Rf1+ 56. Kg2 Rf2+ 57. Kg3 Rxf3+ 58. Kh4 Rh3+ 59.
Kg5 Rg3+ 60. Kf6 Rf3+ 61. Ke7 Re3+ 62. Kd7 Rd3+ 63. Kc8 Rd6 64. Rd7 1-0

[Event "Mechanics' Summer TNM; 30/90, SD/30"]
[Site "San Francisco"]
[Date "2013.05.28"]
[Round "1.19"]
[White "Nyangar, Enkhmaa"]
[Black "Krasnov, Steven"]
[Result "0-1"]
[WhiteElo "1564"]
[BlackElo "1955"]
[PlyCount "90"]
[EventDate "2013.??.??"]

1. e4 c5 2. f4 d6 3. Nf3 g6 4. Bc4 Bg7 5. O-O Nc6 6. Ng5 e6 7. d3 h6 8. Nf3
Nge7 9. Nc3 a6 10. a4 O-O 11. Ne2 d5 12. exd5 exd5 13. Bb3 Nf5 14. c3 Be6 15.
Qe1 Re8 16. Bc2 Rc8 17. Ng3 d4 18. Ne5 Nxe5 19. fxe5 dxc3 20. bxc3 Qd5 21. Kh1
Bd7 22. d4 Nxg3+ 23. Qxg3 cxd4 24. Rb1 Be6 25. Bb3 Qxe5 26. Bxe6 Rxe6 27. Qxe5
Bxe5 28. cxd4 Bxd4 29. Rxb7 Bf6 30. Bxh6 Rc4 31. a5 Rce4 32. Bd2 Re2 33. Rb8+
Kg7 34. Bb4 Ra2 35. h4 Ra1 36. Rxa1 Bxa1 37. Bf8+ Kf6 38. Bc5 Re1+ 39. Bg1 Bd4
40. Ra8 Bxg1 41. Rxa6+ Kf5 42. g3 Bd4+ 43. Kh2 Kg4 44. Rd6 Re2+ 45. Kh1 Kxg3
0-1

[Event "Mechanics' Fall TNM; 30/90, SD/30"]
[Site "San Francisco"]
[Date "2013.11.05"]
[Round "3.25"]
[White "Nyangar, Enkhmaa"]
[Black "Muller, Raymond"]
[Result "0-1"]
[WhiteElo "1570"]
[BlackElo "1624"]
[PlyCount "94"]
[EventDate "2013.??.??"]

1. e4 e6 2. d4 d5 3. Nc3 Nf6 4. e5 Nfd7 5. Nf3 c5 6. Nb5 a6 7. Nd6+ Bxd6 8.
exd6 Qb6 9. dxc5 Qxc5 10. Bd3 Qxd6 11. O-O Nc6 12. Re1 Nc5 13. Ng5 Nxd3 14.
Qxd3 h6 15. Ne4 Qe5 16. Be3 dxe4 17. Qd2 O-O 18. c3 Rd8 19. Qc2 Bd7 20. Bb6
Rdc8 21. Rxe4 Qb5 22. Be3 Nb4 23. Rxb4 Qxb4 24. Qd2 Qb5 25. a4 Qc6 26. Qd4 Qd5
27. Qg4 h5 28. Qg3 Rc4 29. Bd4 Rxd4 30. cxd4 Qxd4 31. Qf3 Bc6 32. Qxh5 Rd8 33.
h3 Qxb2 34. Re1 Qd2 35. Re2 Qd1+ 36. Kh2 Rd2 37. Re5 Qxh5 38. Rxh5 Rxf2 39. Rg5
Rf5 40. Rg4 f6 41. Kg3 Re5 42. Rd4 Re3+ 43. Kh4 Ra3 44. Kh5 Ra2 45. g4 Rh2 46.
Rc4 Rxh3+ 47. Kg6 Rh6# 0-1

[Event "Mechanics' Neil Falconer TNM; 30/90, SD"]
[Site "San Francisco"]
[Date "2013.09.24"]
[Round "8.23"]
[White "Nyangar, Enkhmaa"]
[Black "Olson, David"]
[Result "1-0"]
[WhiteElo "1570"]
[BlackElo "1447"]
[Annotator "Donaldson"]
[PlyCount "51"]
[EventDate "2013.??.??"]

1. e4 e5 2. f4 exf4 3. Nf3 c5 4. Bc4 Nf6 5. d3 d5 6. exd5 Bd6 7. O-O O-O 8. Nc3
Bg4 9. Ne4 Bc7 10. Qe1 Nxd5 11. Nfg5 h6 12. Qh4 Bf5 13. Bxd5 Qxd5 14. Nf3 Bxe4
15. dxe4 Qd6 16. e5 Qe6 17. Bxf4 g5 $4 {Diagram # EASY} (17... Nc6 $15) 18.
Bxg5 $1 hxg5 19. Nxg5 Qg6 20. Rf6 {MEDIUM} Qg7 {Diagram #} 21. Raf1 $2 (21. e6
$3 Bd8 22. Raf1 Bxf6 23. Rxf6 fxe6 24. Rxf8+ Kxf8 25. Nxe6+) 21... Bxe5 22.
Rxf7 Rxf7 23. Rxf7 {Diagram # HARD} Qh8 $2 (23... Bd4+ {
stopping the White queen from coming to c4.} 24. Kh1 Qg6 {is unclear.}) 24. Rh7
Qf6 25. Qc4+ Kf8 26. Rf7+ 1-0

[Event "Mechanics' Fall TNM; 30/90, SD/30"]
[Site "San Francisco"]
[Date "2013.11.19"]
[Round "5.24"]
[White "Nyangar, Enkhmaa"]
[Black "Pettit, Aladdin"]
[Result "1-0"]
[WhiteElo "1570"]
[BlackElo "1514"]
[Annotator "Winslow,Elliott C"]
[PlyCount "67"]
[EventDate "2013.??.??"]

1. e4 c5 2. f4 Nc6 3. Nf3 d6 4. Bc4 Nf6 5. Nc3 e6 6. O-O Be7 7. a3 O-O 8. e5
dxe5 9. fxe5 Nd7 10. Qe2 a6 (10... Ndxe5 $1 $19) 11. Kh1 b5 12. Bd3 Qc7 13. Be4
Rb8 14. d3 Nd4 15. Qf2 Nxf3 16. Bxf3 Nxe5 17. Bf4 Bd6 18. Be4 f5 19. Bg3 fxe4
20. Qe3 Rxf1+ 21. Rxf1 Bb7 22. Nxe4 Bxe4 23. Qxe4 Rf8 24. Re1 Qb8 25. c3 Rf6
26. Bh4 Rg6 27. h3 c4 28. d4 Nd3 29. Re2 Bg3 30. Bxg3 Qxg3 31. Qc6 Nf2+ 32. Kg1
Nxh3+ 33. Kh1 Nf4 $4 34. Qe8# 1-0

[Event "Mechanics' Summer TNM; 30/90, SD/30"]
[Site "San Francisco"]
[Date "2013.06.18"]
[Round "4.37"]
[White "Nyangar, Enkhmaa"]
[Black "Reyes, Robert"]
[Result "1-0"]
[WhiteElo "1564"]
[BlackElo "1241"]
[PlyCount "79"]
[EventDate "2013.??.??"]

1. e4 e5 2. f4 exf4 3. Nf3 d6 4. Nc3 Nc6 5. d4 Nf6 6. Bxf4 Bg4 7. Bb5 Bd7 8.
O-O Be7 9. a3 O-O 10. d5 Nb8 11. Bd3 Bg4 12. h3 Bh5 13. Qe1 Re8 14. Qh4 Nxd5
15. Bg5 Bxf3 16. Bxe7 Qxe7 17. Qxe7 Nxe7 18. Rxf3 Nbc6 19. Nd5 Nxd5 20. exd5
Nd4 21. Rf2 Re7 22. b4 a5 23. Rd1 c6 24. Bxh7+ Kxh7 25. Rxd4 axb4 26. axb4 c5
27. bxc5 dxc5 28. Rdf4 Rf8 29. c4 g5 30. Rf6 Kg7 31. R2f5 -- 32. Rb6 f6 33. Kf2
Kg6 34. g4 Ref7 35. Kf3 Rh8 36. Kg3 Rhf8 37. d6 Rd8 38. Rxc5 -- 39. Rd5 Rc8 40.
c5 {remainder illegible} 1-0

[Event "Mechanics' Summer TNM; 30/90, SD/30"]
[Site "San Francisco"]
[Date "2013.07.02"]
[Round "6.19"]
[White "Nyangar, Enkhmaa"]
[Black "Sherwood, Peter"]
[Result "0-1"]
[WhiteElo "1564"]
[BlackElo "1789"]
[PlyCount "54"]
[EventDate "2013.??.??"]

1. e4 c5 2. f4 g6 3. Nf3 Bg7 4. Bc4 e6 5. O-O Ne7 6. Nc3 O-O 7. d3 Nbc6 8. Be3
$2 d5 9. exd5 exd5 10. Bb3 d4 11. Bf2 dxc3 12. bxc3 Bxc3 13. Rb1 b6 14. Bh4 Be6
15. Ba4 Qc7 16. Qe2 Nd4 17. Qe4 Nxf3+ 18. Rxf3 Nf5 19. Bf2 Rad8 20. Bb3 Bxb3
21. axb3 Rfe8 22. Qc4 Bd4 23. g4 Bxf2+ 24. Kxf2 Nd4 25. Rg3 Qxf4+ 26. Kg2 Re2+
27. Kh1 Qf2 0-1

[Event "Mechanics' Neil Falconer TNM; 30/90, SD"]
[Site "San Francisco"]
[Date "2013.09.10"]
[Round "6.20"]
[White "Nyangar, Enkhmaa"]
[Black "Shnaiderman, Lazar"]
[Result "1-0"]
[WhiteElo "1570"]
[BlackElo "1800"]
[PlyCount "31"]
[EventDate "2013.??.??"]

1. e4 c5 2. Nf3 g6 3. d4 cxd4 4. Qxd4 Nf6 5. e5 Nc6 6. Qa4 Nd5 7. Qe4 Nb6 8.
Nc3 Bg7 9. Bf4 O-O 10. O-O-O a6 11. h4 Qe8 12. h5 Nd8 13. hxg6 fxg6 14. Be3 d5
15. Qh4 Qc6 16. Qxh7+ 1-0

[Event "Mechanics' Summer TNM; 30/90, SD/30"]
[Site "San Francisco"]
[Date "2013.06.25"]
[Round "5.11"]
[White "Ochoa, Jason"]
[Black "Byambaa, Uyanga"]
[Result "0-1"]
[WhiteElo "1911"]
[BlackElo "2136"]
[PlyCount "86"]
[EventDate "2013.??.??"]

1. c4 Nf6 2. g3 g6 3. Bg2 Bg7 4. Nc3 O-O 5. e4 d6 6. Nge2 e5 7. O-O Nc6 8. d3
Nd7 9. Be3 Nc5 10. Qd2 f5 11. Bg5 Qe8 12. Nd5 Qf7 13. b4 Ne6 14. b5 f4 15. bxc6
Nxg5 16. cxb7 Bxb7 17. f3 c6 18. Ndc3 Bc8 19. g4 h5 20. h3 Bf6 21. Rab1 hxg4
22. hxg4 Qh7 23. Rfe1 Bxg4 24. fxg4 f3 25. Ng3 fxg2 26. Qxg2 Bd8 27. Nf5 gxf5
28. exf5 Nh3+ 29. Kf1 Nf4 30. Qf3 Bb6 31. Ne4 Qh2 32. c5 dxc5 33. Nf2 Rad8 34.
Re4 Rd4 35. Rbe1 Nd5 36. Rxd4 cxd4 37. Rc1 Qh6 38. Re1 Bc7 39. Ne4 Bd8 40. Rb1
Qh2 41. Nf2 Bh4 42. Rb7 Bxf2 43. Qxf2 Qh3+ 0-1

[Event "Mechanics' Spring TNM; 30/90, SD/30"]
[Site "San Francisco"]
[Date "2013.04.30"]
[Round "7.17"]
[White "Ochoa, Jason"]
[Black "Filho, Murilo"]
[Result "1-0"]
[WhiteElo "1913"]
[BlackElo "1716"]
[PlyCount "57"]
[EventDate "2013.??.??"]

1. c4 e5 2. g3 Nf6 3. Bg2 g6 4. e4 Bg7 5. Ne2 O-O 6. Nbc3 d6 7. h3 Be6 8. d3
Qd7 9. Nd5 c6 10. Nxf6+ Bxf6 11. Bh6 Bg7 12. Bxg7 Kxg7 13. Nc3 Na6 14. Qd2 Nc7
15. h4 h5 16. f4 Bg4 17. f5 Rae8 18. O-O Kh7 19. Rf2 Qe7 20. Raf1 a6 21. Kh2 b5
22. Bf3 Bxf3 23. Rxf3 b4 24. Nd1 a5 25. Nf2 c5 26. Nh3 f6 27. fxg6+ Kxg6 28.
Rf5 Qh7 29. Rxf6+ 1-0

[Event "Mechanics' Spring TNM; 30/90, SD/30"]
[Site "San Francisco"]
[Date "2013.04.02"]
[Round "3.11"]
[White "Ochoa, Jason"]
[Black "Gaffagan, Steven"]
[Result "1/2-1/2"]
[WhiteElo "1913"]
[BlackElo "2086"]
[PlyCount "109"]
[EventDate "2013.??.??"]

1. c4 b6 2. g3 Bb7 3. Nf3 Bxf3 4. exf3 c5 5. Bg2 Nc6 6. O-O g6 7. f4 Bg7 8. Nc3
Nh6 9. d3 O-O 10. Be3 Nf5 11. Qd2 Rc8 12. Rfe1 a6 13. Rad1 e6 14. h3 Re8 15.
Kh2 d6 16. Be4 Nfe7 17. Bxc6 Nxc6 18. f5 Nd4 19. Bxd4 cxd4 20. Ne2 Qf6 21. Qb4
Qxf5 22. Kg2 Qc5 23. Qd2 h5 24. b4 Qc6+ 25. f3 d5 26. Rc1 dxc4 27. Rxc4 Qd6 28.
Rec1 Rxc4 29. Rxc4 Rd8 30. a3 Kh7 31. Qg5 e5 32. g4 hxg4 33. Qh4+ Kg8 34. hxg4
Qd7 35. Qg5 b5 36. Rc5 Rc8 37. Ng3 Rxc5 38. bxc5 a5 39. Qd2 Qc7 40. Qc2 Bf8 41.
Ne4 f5 42. Qb3+ Qf7 43. Nf6+ Kg7 44. Ne8+ Qxe8 45. Qd5 fxg4 46. c6 gxf3+ 47.
Kf2 Qe7 48. Kf1 Qd6 49. Qxb5 e4 50. Qb7+ Kh6 51. Qc8 Qh2 $4 52. Qxf8+ Kh7 53.
Qf7+ Kh6 54. Qf8+ Kh7 55. Qf7+ 1/2-1/2

[Event "Mechanics' Winter TNM; 30/90, SD/30"]
[Site "San Francisco"]
[Date "2013.02.12"]
[Round "6.6"]
[White "Ochoa, Jason"]
[Black "Goins, Demetrius"]
[Result "0-1"]
[WhiteElo "1913"]
[BlackElo "2131"]
[PlyCount "54"]
[EventDate "2013.??.??"]

1. c4 c6 2. g3 d5 3. Nf3 Nf6 4. Qc2 Bg4 5. Bg2 e6 6. O-O Nbd7 7. b3 Be7 8. Bb2
O-O 9. d3 a5 10. Nc3 h6 11. Rac1 Nc5 12. Ne5 Bf5 13. cxd5 exd5 14. e4 dxe4 15.
dxe4 Bh7 16. Rfd1 Qc7 17. Nc4 b5 18. Nd2 Rad8 19. Ba1 Qa7 20. Rf1 Nd3 21. Rcd1
Ng4 22. Nf3 Ndxf2 23. Rxf2 Nxf2 24. Kf1 Nxd1 25. Nxd1 Bxe4 26. Qc1 Ba3 27. Qc3
Bd3+ 0-1

[Event "Mechanics' Spring TNM; 30/90, SD/30"]
[Site "San Francisco"]
[Date "2013.04.16"]
[Round "5.4"]
[White "Ochoa, Jason"]
[Black "Lee, Andy"]
[Result "0-1"]
[WhiteElo "1913"]
[BlackElo "2306"]
[PlyCount "96"]
[EventDate "2013.??.??"]

1. c4 b6 2. Nf3 Bb7 3. e3 Nf6 4. d4 e6 5. Nc3 Bb4 6. Be2 Bxc3+ 7. bxc3 O-O 8.
O-O d6 9. Nd2 e5 10. f3 Qe7 11. e4 Nbd7 12. Re1 Nh5 13. Nf1 Nf4 14. Ne3 Qg5 15.
Ng4 f5 16. Bxf4 Qxf4 17. exf5 h5 18. Nf2 Qxf5 19. Bd3 Qf4 20. Be4 Bxe4 21. Rxe4
Qg5 22. dxe5 Nxe5 23. Nh3 Qf5 24. Qd5+ Qf7 25. Ng5 Qxd5 26. cxd5 Rf5 27. Ne6
Ng6 28. Rae1 Rc8 29. c4 Ne5 30. Nd4 Rf6 31. f4 Nxc4 32. Nc6 Rcf8 33. Rxc4 Rxf4
34. Rxf4 Rxf4 35. Re7 Ra4 36. Rxc7 a5 37. Rb7 Rxa2 38. Rxb6 Kf7 39. Ra6 a4 40.
Nb4 Ra1+ 41. Kf2 Ke7 42. Ke3 g5 43. Nc6+ Kf6 44. Nd4 $18 Ke5 45. Ra5 $4 Ra3+
46. Nb3 Rxb3+ 47. Kd2 Rb2+ 48. Kc3 Rxg2 0-1

[Event "Mechanics' Winter TNM; 30/90, SD/30"]
[Site "?"]
[Date "2013.01.15"]
[Round "2"]
[White "Ochoa, Jason"]
[Black "Morgan, Jerry"]
[Result "1-0"]
[WhiteElo "1913"]
[BlackElo "1431"]
[PlyCount "41"]
[EventDate "2013.01.14"]

1. c4 f5 2. g3 Nf6 3. Bg2 g6 4. Nf3 Bg7 5. O-O O-O 6. d4 d6 7. Nc3 Qe8 8. Bg5
c6 9. Qd2 e5 10. Rad1 e4 11. Nh4 Na6 12. f3 Nc7 13. fxe4 fxe4 14. Bxf6 Bxf6 15.
Nxe4 Bxh4 16. Rxf8+ Qxf8 17. Rf1 Qe7 18. gxh4 Bf5 19. Ng5 Re8 20. e4 Bc8 21.
Rf7 1-0

[Event "Mechanics' Summer TNM; 30/90, SD/30"]
[Site "San Francisco"]
[Date "2013.06.18"]
[Round "4.18"]
[White "Ochoa, Jason"]
[Black "Niemann, Hans"]
[Result "1/2-1/2"]
[WhiteElo "1911"]
[BlackElo "1533"]
[PlyCount "110"]
[EventDate "2013.??.??"]

1. c4 Nf6 2. g3 g6 3. Bg2 Bg7 4. e4 d6 5. Ne2 Nbd7 6. O-O c6 7. Nbc3 O-O 8. d3
e6 9. h3 Nb6 10. Bg5 h6 11. Be3 d5 12. cxd5 exd5 13. Qd2 Kh7 14. Rfd1 Ne8 15.
Bc5 Rg8 16. exd5 Nxd5 17. Nxd5 cxd5 18. Rac1 b6 19. Bd4 Bb7 20. Qf4 Nd6 21. h4
Re8 22. Bxg7 Kxg7 23. Nd4 Qf6 24. Qxf6+ Kxf6 25. Bh3 Bc8 26. Bg2 Be6 27. Rc6
Red8 28. Rdc1 Rac8 29. f4 Nf5 30. Nxf5 Rxc6 31. Rxc6 Kxf5 32. Rc7 a6 33. Kf2
Kg4 34. Bf3+ Kf5 35. d4 g5 36. fxg5 hxg5 37. Ke3 Kg6 38. Rc6 g4 39. Be2 (39.
Bxg4 {also wins.}) 39... Kh5 40. Rxb6 Re8 41. Kf4 Bd7 42. Bd3 f5 43. Rd6 Be6
44. Rxa6 Bc8 45. Rf6 Re1 46. b4 Rd1 47. Ke3 Rg1 48. Kf2 Rd1 49. Bxf5 (49. Bb5 {
mates. Now White soon stumbles into a stalemate resource for Black.}) 49...
Rd2+ 50. Ke3 Rxa2 51. Bxc8 Ra3+ 52. Kf4 Rf3+ 53. Ke5 Re3+ 54. Kd6 Re6+ 55. Kxd5
Rd6+ {more moves were played but White was never able to escape from the
"desperado rook".} 1/2-1/2